Statistics for Countries That JetPunk is Planting Trees In

Click here to take the quiz!

General Stats

  • This quiz has been taken 771 times
  • The average score is 4 of 6

Answer Stats

ContinentsCountries% Correct
AfricaKenya
79%
AfricaTanzania
79%
AfricaUganda
69%
AfricaSenegal
60%
AfricaCameroon
54%
AfricaGuinea
40%

Score Distribution

Percentile by Number Answered

Percent of People with Each Score

Your Score History

You have not taken this quiz